UBT Library

HUMAN ANATOMY (Record no. 58539)

000 -LEADER
fixed length control field 00319nam a22001457a 4500
008 - FIXED-LENGTH DATA ELEMENTS--GENERAL INFORMATION
fixed length control field 221013b ||||| |||| 00| 0 eng d
020 ## - INTERNATIONAL STANDARD BOOK NUMBER
International Standard Book Number 4215904046504
041 ## - LANGUAGE CODE
Language code of text/sound track or separate title eng
080 ## - UNIVERSAL DECIMAL CLASSIFICATION NUMBER
Edition identifier THIRD EDITION
Universal Decimal Classification number 611
082 ## - DEWEY DECIMAL CLASSIFICATION NUMBER
Classification number 611
100 ## - Rafti
Rafti 10.2
101 ## - Shkurtesa
Shkurtesa ANAT
245 ## - TITLE STATEMENT
Title HUMAN ANATOMY
Statement of responsibility, etc GRAAFF K
942 ## - ADDED ENTRY ELEMENTS (KOHA)
Source of classification or shelving scheme
Item type Books
Holdings
Withdrawn status Lost status Source of classification or shelving scheme Damaged status Not for loan Collection code Permanent location Current location Date acquired Total Checkouts Full call number Barcode Date last seen Price effective from Koha item type
          Koleksioni i përgjithshem UBT - Lipjan UBT - Lipjan 10/13/2022   611 GRA 002-800028700260101 10/13/2022 10/13/2022 Books
UBT Library © 2015-2024. All rights reserved University Education for Business and Technology